| 000 | 00591cam a22001815a 4500 | ||
|---|---|---|---|
| 001 | L156002 | ||
| 008 | 120424s1814 xxk f 000 0 eng d | ||
| 035 | _a(Sirsi) u156002 | ||
| 041 | 0 | _aeng | |
| 100 | 1 | _aGray, Andrew | |
| 245 | 0 | 0 | _aExplanation of the engravings of the most important implements of husbandry used in Scotland |
| 260 |
_aEdinburgh _bSold by A. Constable _c1814 |
||
| 300 |
_a79 p., 16 leaves of plates (some folded) _bill. _c30 cm. |
||
| 583 |
_aCondition reviewed _c20120620 _lcondition level 4 |
||
| 651 | 4 |
_aScotland _y1707-1998 |
|
| 690 |
_aRural _96268 |
||
| 942 | _n0 | ||
| 999 |
_c113971 _d113971 |
||